Southville International School and Colleges
Your cart is empty.
  • Cart
  • Lists
    Public lists Eva Luna New books Lux_list list_1
    Your lists Log in to create your own lists
  • Log in to your account
  • Your cookies
  • Search history
Southville International School and Colleges
  • Advanced search
  • Recent comments
  • Most popular
  • Libraries

Log in to your account

Log in with GOOGLE


If you do not have an external account, but do have a local account, you can still log in:

  1. Home
  2. MARC view: I love science! /
Normal view MARC view ISBD view

I love science! / (Record no. 292737)

[ view plain ]
MARC details
000 -LEADER
fixed length control field 00835nam a2200277Ia 4500
008 - FIXED-LENGTH DATA ELEMENTS--GENERAL INFORMATION
fixed length control field 160319s9999 xx 000 0 und d
100 ## - MAIN ENTRY--PERSONAL NAME
Personal name DK Interactive Learning (Firm).
245 ## - TITLE STATEMENT
Title I love science! /
245 ## - TITLE STATEMENT
Statement of responsibility, etc DK Interactive Learning (Firm).
260 ## - PUBLICATION, DISTRIBUTION, ETC. (IMPRINT)
Place of publication, distribution, etc New York, NY :
260 ## - PUBLICATION, DISTRIBUTION, ETC. (IMPRINT)
Name of publisher, distributor, etc DK Interactive Learning,
260 ## - PUBLICATION, DISTRIBUTION, ETC. (IMPRINT)
Date of publication, distribution, etc 1998
300 ## - PHYSICAL DESCRIPTION
Extent 1 video disc :
300 ## - PHYSICAL DESCRIPTION
Other physical details sound, colored ;
300 ## - PHYSICAL DESCRIPTION
Dimensions 4 3/4 in.
650 ## - SUBJECT ADDED ENTRY--TOPICAL TERM
Topical term or geographic name as entry element Experiments --
650 ## - SUBJECT ADDED ENTRY--TOPICAL TERM
Topical term or geographic name as entry element Science --
650 ## - SUBJECT ADDED ENTRY--TOPICAL TERM
Topical term or geographic name as entry element Science -- Experiments --
650 ## - SUBJECT ADDED ENTRY--TOPICAL TERM
Topical term or geographic name as entry element Science -- Study and teaching (Elementary) --
650 ## - SUBJECT ADDED ENTRY--TOPICAL TERM
Topical term or geographic name as entry element Science -- Study and teaching (Elementary) --
650 ## - SUBJECT ADDED ENTRY--TOPICAL TERM
General subdivision Computer-assisted instruction.
650 ## - SUBJECT ADDED ENTRY--TOPICAL TERM
General subdivision Experiments.
650 ## - SUBJECT ADDED ENTRY--TOPICAL TERM
General subdivision Juvenile software.
650 ## - SUBJECT ADDED ENTRY--TOPICAL TERM
General subdivision Juvenile software.
650 ## - SUBJECT ADDED ENTRY--TOPICAL TERM
General subdivision Juvenile software.
Holdings
Withdrawn status Lost status Damaged status Home library Current library Date acquired Total Checkouts Barcode Date last seen Price effective from Koha item type
      Stonyhurst Southville International School (Batangas) Stonyhurst Southville International School (Batangas) 03/19/2016   AV-340 03/19/2016 03/19/2016 Audio Visual Materials

I love science! /

APA

DK Interactive Learning (Firm), .I love science!. New York, NY: .

Chicago

DK Interactive Learning (Firm), .I love science!. New York, NY: .

Harvard

DK Interactive Learning (Firm), .I love science!. New York, NY: .

MLA

DK Interactive Learning (Firm), .New York, NY: . .

  • Place hold
  • Print
  • Cite
  • Add to your cart (remove)
  • Save record
    BIBTEX Dublin Core MARCXML MARC (non-Unicode/MARC-8) MARC (Unicode/UTF-8) MARC (Unicode/UTF-8, Standard) MODS (XML) RIS
  • More searches
    Search for this title in:
    Other Libraries (WorldCat) Other Databases (Google Scholar) Online Stores (Bookfinder.com) Open Library (openlibrary.org)

Exporting to Dublin Core...

SOUTHVILLE LIBRARY

Southville International School and Colleges Library

1281 Tropical Ave. Cor. Luxembourg St., BF Homes International, Las Pinas City

Tel. No. 8256374 / 252358 Loc. 117/146

Powered by Koha